000 00400nam a2200169Ia 4500
008 210210b1953 xxu||||| |||| 00| 0 eng d
041 _aeng
082 _a823/376
100 _aSHAKESPEARE (William)
245 _aRichard the second
260 _aLondon
_bBlackie and Son Limited
_c1953
650 _athe
650 _asecond
650 _aRichard
690 _aEnglish Drama
906 _a013920
999 _c132979
_d132979